A shocker on shock street / (Record no. 3298)

MARC details
000 -LEADER
fixed length control field 00739nam a22002417a 4500
001 - CONTROL NUMBER
control field 3298
003 - CONTROL NUMBER IDENTIFIER
control field FISKH
005 - DATE AND TIME OF LATEST TRANSACTION
control field 20250805100128.0
008 - FIXED-LENGTH DATA ELEMENTS--GENERAL INFORMATION
fixed length control field 240226b cb ||||| |||| 00| 0 eng d
040 ## - CATALOGING SOURCE
Original cataloging agency FISK
Language of cataloging eng
Transcribing agency FISK
Modifying agency FISK
050 ## - LIBRARY OF CONGRESS CALL NUMBER
Classification number PZ7.S86037
082 ## - DEWEY DECIMAL CLASSIFICATION NUMBER
Classification number 813.54
100 ## - MAIN ENTRY--PERSONAL NAME
Personal name Stine R.L
Dates associated with a name 1943
245 ## - TITLE STATEMENT
Title A shocker on shock street /
Statement of responsibility, etc. R.L Stine
260 ## - PUBLICATION, DISTRIBUTION, ETC.
Place of publication, distribution, etc. London :
Name of publisher, distributor, etc. Scholastic,
Date of publication, distribution, etc. 1995
300 ## - PHYSICAL DESCRIPTION
Extent 117 pages :
Other physical details 21 cm :
490 ## - SERIES STATEMENT
Materials specified Goosebumps
501 ## - WITH NOTE
With note H
520 ## - SUMMARY, ETC.
Summary, etc. Erin Wright and her best friend Marty love The Shocker on Shock Street movies, but get the scare of their lives when they visit the new Shocker Studio Theme Park.
521 8# - TARGET AUDIENCE NOTE
Target audience note 480
Source H
700 ## - ADDED ENTRY--PERSONAL NAME
Personal name R.L Stine
942 ## - ADDED ENTRY ELEMENTS (KOHA)
Source of classification or shelving scheme Dewey Decimal Classification
Koha item type Books
Suppress in OPAC No
Holdings
Withdrawn status Lost status Source of classification or shelving scheme Damaged status Not for loan Collection Home library Current library Shelving location Date acquired Total Checkouts Full call number Barcode Date last seen Copy number Price effective from Koha item type
    Dewey Decimal Classification Damaged   Fiction Footprints International School Library Network Toul Kork Campus Footprints International School Library Network Toul Kork Campus   02/26/2024   STI PZ7.S86037 813.54 2024-0103 02/26/2024 2 02/26/2024 Books
    Dewey Decimal Classification     Juvenile Fiction Footprints International School Library Network Toul Tom Poung Campus Footprints International School Library Network Toul Tom Poung Campus TTP Primary Dark Blue Bookshelves 08/05/2025   STI PZ7.S86037 813.54 2025-3833 08/05/2025 2 08/05/2025 Books